Setenta profesionales opinan sobre el turismo /

Se presenta aquí la experiencia de profesionales españoles del turismo, agrupados en: cuestiones de gestión y consultoría, la atracción histórico-artística, la atracción balnearia, los parques temáticos, las estaciones de esquí, las casas rurales, los camping, los hoteles, los restaurantes, las agen...

Полное описание

Сохранить в:
Библиографические подробности
Главный автор: Orte Bermúdez, José María (autor)
Формат:
Язык:испанский
Опубликовано: Lleida, España : Milenio, 2004, c2004
Предметы:
Метки: Добавить метку
Нет меток, Требуется 1-ая метка записи!

MARC

LEADER 00000nam^a2200000^a^4500
001 000181770
005 20250521000000.0
009 20260310101942.865
020 |a 84-9743-122-7 
037 |a Acervo ITESO - Biblioteca 
041 |a ESP 
082 |a 910. 10946  |b ORT 
100 |a Orte Bermúdez, José María  |e (autor) 
245 1 0 |a Setenta profesionales opinan sobre el turismo /  |c J.M. Orte Bermúdez ; pról. de Bill Davis. 
264 4 |a Lleida, España :  |b Milenio,  |c 2004, c2004 
300 |a 167 p. 
336 |a texto  |b txt  |2 rdacontenido 
337 |a sin mediación  |b n  |2 rdamedio 
338 |a volumen  |b nc  |2 rdasoporte 
520 |a Se presenta aquí la experiencia de profesionales españoles del turismo, agrupados en: cuestiones de gestión y consultoría, la atracción histórico-artística, la atracción balnearia, los parques temáticos, las estaciones de esquí, las casas rurales, los camping, los hoteles, los restaurantes, las agencias de viajes y los deportes de aventura. En cada uno se presentan uno o más ejemplos del género, con una introducción general sobre el servicio, una entrevista con el profesional y una anécdota simpática. 
649 |a XX 
650 |a Hoteles -  |z España 
650 |a Cafeterías y Restaurantes -  |z España 
650 |a Museos Temáticos -  |z España 
650 |a Parques de Diversiones -  |z España 
650 |a Agencias de Viajes -  |z España 
650 |a Gastronomía -  |z España 
650 |a Patrimonio Artístico -  |z España 
650 |a Patrimonio Histórico -  |z España 
650 |a Deportes de Invierno -  |z España 
650 |a Deportes de Riesgo -  |z España 
650 |a Turismo -  |z España 
650 |a Sector Servicios -  |z España 
650 |a Economía -  |z España 
650 |a Ciencias Administrativas 
910 |a Fondo General 
920 |a Impresos - Libros 
930 |a Colección General 
905 |a 101 
901 |a 0500121458  |b IT1  |c ACC  |u 20250521 
902 |a https://opac.biblio.iteso.mx/vufind/Record/000181770